| 000 | 00594nmm a2200229 a 4500 | ||
|---|---|---|---|
| 003 | AR-BaBNM | ||
| 005 | 20251128203200.0 | ||
| 008 | 297019s1948 ||||||||||||||000 | spa|| | ||
| 040 | _cAR-BaBNM | ||
| 245 | 1 | 0 | _aManual del peronista |
| 260 |
_aBuenos Aires _bPartido peronista _c1948 |
||
| 300 | 0 | _a213 p. | |
| 610 | 2 | 4 | _aPartido Justicialista [Argentina] |
| 650 | 4 | _aHISTORIA POLITICA ARGENTINA | |
| 650 | 4 | _aIDEOLOGIAS POLITICAS | |
| 650 | 4 | _aPARTIDOS POLITICOS ARGENTINOS | |
| 650 | 4 | _aDEMOCRACIA | |
| 651 | 4 | _aArgentina | |
| 653 | 0 | _aPERONISMO | |
| 942 | _cBK | ||
| 998 | _cmariana | ||
| 999 |
_c2277 _d2277 |
||